000 00672cam a2200217 4500
001 1746797
005 20180809041219.0
008 720908s1972 paua b 001 0 eng
010 _a 75183449
020 _a0721633633
040 _aDLC
_cDLC
_dDLC
041 _aeng
080 _a616.12043 ELL
082 0 0 _a616.12043 ELL
100 1 _a1
101 _aKARD
245 1 0 _aVectorcardiography in congenital heart disease;
_c[by] R. Curtis Ellison [and] Norma J. Restieaux. With a foreword by Alexander S. Nadas.
504 _aBibliography: p. 199-204.
906 _a7
_bcbc
_corignew
_d2
_encip
_f19
_gy-gencatlg
942 _2ddc
_cBK
999 _c46948
_d46948